The development of tourism in the Republic of Kazakhstan management issues and prospects

Bibliographic Details
Main Author: Berdibekova Amina
Other Authors: Fábián Tamás
Format: Thesis
Kulcsszavak:tourism
Kazakhstan
management
Online Access:http://dolgozattar.uni-bge.hu/16931

MARC

LEADER 00000nta a2200000 i 4500
001 dolg16931
005 20180919122042.0
008 180518suuuu hu om 000 eng d
040 |a BGE Dolgozattár Repozitórium  |b hun 
041 |a en 
100 1 |a Berdibekova Amina 
245 1 4 |a The development of tourism in the Republic of Kazakhstan  |b management issues and prospects  |c Berdibekova Amina  |h [elektronikus dokumentum] 
246 1 1 |a The development of tourism in the Republic of Kazakhstan: management issues and prospects 
695 |a tourism 
695 |a Kazakhstan 
695 |a management 
700 1 |a Fábián Tamás  |e ths 
856 4 0 |u http://dolgozattar.uni-bge.hu/16931/1/Amina%20Berdibekova%20THESIS.pdf  |z Dokumentum-elérés